000 00747nam a2200289Ia 4500
005 20260324132139.0
008 008 260324s9999 xx 000 0 eng d
020 _a9780203504390
037 _aEBOOK
040 _aCRL
040 _beng
040 _cCRL
041 _2eng
041 _aeng
084 _qCRL
100 _aTim Moreman
_91188199
245 4 _aThe Jungle, Japanese and the British Commonwealth Armies at War, 1941-45
245 0 _bFighting Methods, Doctrine and Training for Jungle Warfare
260 _bTaylor and Francis
260 _c2005
365 _a
365 _b255
856 _uhttp://www.taylorfrancis.com/books/9780203504390
942 _cEBOOK
999 _c1786022
_d1786022